00370nam a2200157Ia 4500003000400000005001700004008004000021020001800061040000700079041000800086082001700094100001900111245004500130260002900175300000800204OSt20240405114513.0210210b1999 xxu||||| |||| 00| 0 eng d a0 7475 4629 0 cAL aeng a823.087 ROWH aROWLING (J K). aHarry potter and the prisoner of Azkaban aLondonbBloomsburyc1999 a317